| 000 | 00574cam a22002051 4500 | ||
|---|---|---|---|
| 001 | med47000077 | ||
| 003 | DLC | ||
| 005 | 20260227111557.0 | ||
| 008 | 780726s1947 iau 000 0 eng | ||
| 010 | _amed47000077 | ||
| 035 | _a(OCoLC)4086999 | ||
| 040 |
_aDLC _cKMNC _dDLC |
||
| 050 | 0 | 0 |
_aUH347.N6 _bM5 |
| 082 | _a[920.7] 926.1 | ||
| 100 | 1 |
_aMiller, Basil, _d1897-1978. |
|
| 245 | 0 | 0 | _aFlorence Nightingale, the lady of the lamp. |
| 260 |
_aGrand Rapids, _bZondervan Pub. House _c[1947] |
||
| 300 |
_a125 p. _c20 cm. |
||
| 600 | 1 | 0 |
_aNightingale, Florence, _d1820-1910. |
| 999 |
_c37955 _d37955 |
||